[Event "Match 82__120'/40"]
[Site "Zürich"]
[Date "2025.??.??"]
[Round "31"]
[White "Scorpio 68000 sel. 4"]
[Black "Mephisto Explorer Pro"]
[Result "0-1"]
[Annotator "16-15 for Explorer"]
[WhiteElo "2043"]
[BlackElo "2016"]
[WhiteFideId "-1"]
[BlackFideId "-1"]
[PlyCount "111"]
[GameId "544756046480"]
[EventDate "2025.10.05"]
[EventType "match"]
[EventRounds "50"]

{[%evp 0,111,10,15,13,7,10,7,9,0,3,6,15,11,13,9,5,-26,-21,-37,-40,-31,-40,-35,-22,-48,-36,-42,-56,-71,-74,-100,-92,-98,-87,-98,-86,-93,-68,-60,-61,-66,-68,-92,-62,-71,39,44,39,35,12,18,44,33,33,22,31,-21,-36,-33,-30,-34,-16,-54,-50,-24,-11,-27,-17,-24,-31,-56,-62,-166,-192,-250,-226,-254,-231,-239,-245,-396,-388,-463,-442,-470,-497,-463,-461,-542,-539,-534,-172,-605,-479,-583,-383,-308,-404,-350,-419,-444,-451,-459,-460,-476,-464,-469,-459,-707,-442,-615,-471,-693]} 1. d4 {Match Nr. 82 mit 120'/40 | Bediener: Rolf Bühler | Kommentator: Kurt Utzinger | 31. Partie: Schwarz (Mephisto Explorer Pro) gewinnt | Zwischenstand: 16,0-15,0 für Mephisto Explorer Pro | Stand hypothetisch: 19-12 für Mephisto Explorer Pro | Eröffnung: Damenbauerspiel, London System | Buchzüge 5 (165) von Scorpio und 1 (128) von Mephisto Explorer Pro | Partieverlauf: Der Scorpio 68000 sel. 4 überlässt dem Gegner zu einfach das Zentrum und zu viel Raum. Schwarz nutzt seine Chancen auf klaren Vorteil zu wenig, so dass er bei noch immer etwas besserer Stellung einen Bauern weniger besitzt. Als aber Weiss mit 28.Dd2?! einen fragwürdigen Damenzug ausführt, übernimmt das Programm von Frans Morsch entschlossen die Initiative. Dem guten Zusammenspiel der gegnerischen Figuren zeigt sich das Programm von David Kittinger nicht gewachsen und kassiert eine verdiente Niederlage.} d5 $11 {***ENDE BUCH***} 2. Bf4 e6 3. e3 Nf6 4. Nd2 c5 5. c3 $11 {***ENDE BUCH***} Nc6 6. Ngf3 Bd6 7. Bxd6 {Dieser Tausch erleichtert das schwarze Spiel. Hier ist deshalb 7.Lg3 die übliche Fortsetzung.} Qxd6 8. dxc5 {Weiss vernachlässigt das Zentrum und erlaubt Schwarz mindestens gleiches Spiel. Sowohl 8.Ld3 als auch 8.Lb5 verdienen den Vorzug.} Qxc5 $11 9. Nb3 $15 {Der Springer steht hier weniger stark als auf d2, wo er den Zentrumsvorstoss e3-e4 unterstützen kann.} Qb6 $11 (9... Qe7 $15 {was den Vorstoss ...e5 vorbereitet, macht mehr Sinn.}) 10. Be2 (10. c4 $5 {Angriff auf das schwarze Zentrum.}) 10... O-O 11. O-O e5 12. Qc2 {Weiss agiert recht zurückhaltend und verzichtet auf aktiveres Handeln mit 12.c4 oder 12.a4.} Bg4 $11 (12... Be6 $11 {kam ebenfalls in Frage.}) 13. Rad1 Rac8 $11 14. Qd2 $6 {Nun stellt Weiss noch seine Dame schlechter.} (14. h3 Be6 15. Qb1 $11) 14... Rfd8 15. Ng5 $6 $17 {Der Scorpio 68000 sel. 4 findet einfach den richtigen Faden nicht. Denn auf g5 hat das weisse Ross wirklich nichts zu suchen.} ({Stockfish 17.1:} 15. h3 Bf5 16. Qc1 a5 17. Nbd2 h6 18. Qa1 e4 19. Ne1 Re8 20. Nb3 Re5 21. Nd4 Bd7 22. Nxc6 bxc6 23. b3 Rg5 24. Kh1 Re8 25. c4 dxc4 26. Bxc4 Qb8 27. Be2 c5 28. Qc3 a4 29. Qc2 a3 30. Rd2 Qc8 31. Kh2 Be6 32. Qc1 Qc7+ 33. Kh1 {[%eval -80,44] [%wdl 0,701,299]}) 15... Bf5 16. Qc1 a5 {Das Programm von Frans Morsch verbessert dauernd seine Stellung.} 17. Nf3 {Reutmütige Rückkehr.} a4 18. Nbd2 Rc7 $15 {Nun kommt auch bei Schwarz etwas Sand ins Getriebe. Gut sieht 18...h6 aus, was dem Lf5 erlaubt, sich allenfalls auch auf der Diagonale h7-b1 zu behaupten.} 19. Rfe1 Qc5 {Stockfish 17.1 gibt hier drei stärkere Alternativen mit 19...a3 / 19...e4 / 19...h5 an.} 20. a3 $17 {Dass hier 20.Sf1 und 20.Sb1 deutlich stärker sind, vermögen unsere Oldies unmöglich zu erkennen. Jedenfalls sinkt die Gewinnerwartung für Weiss von 46% auf magere 11% (+0% =23% -77%).} ({Omega Explorer-avx2: 1)} 20. Nf1 $15 {-0.44(46%)/45} h6 21. Ng3 Bh7 22. Rd2 Rb8 23. Red1 b5 24. h3 Qe7 25. b3 Na5 26. Qb2 a3 27. Qa1 h5 28. Bf1 Bg6 29. Be2 Rcc8 30. Nh4 Bh7 31. Nhf5 Qc7 32. b4 Nc4 33. Bxc4 bxc4 34. Qc1 g6 35. Nh4 e4 36. Qxa3 Rd8 37. Qb2 Kh8 38. b5 g5 39. Nhf5 h4 40. Qb4 hxg3 41. Nxg3 Ra8 42. b6 Qc6 43. Rb2 Nd7 {[%eval -44,45] [%wdl 2,918,80]}) ({Omega Explorer-avx2: 2)} 20. Nb1 $15 {-0.52(45%)/44} Rcc8 21. Na3 h6 22. h3 Ne4 23. Nb5 Qb6 24. b3 Nc5 25. bxa4 Bg6 26. Qa1 e4 27. Nd2 Nd3 28. Rf1 Ra8 29. c4 dxc4 30. Nxc4 Qc5 31. Nd2 Qe7 32. Nc3 Rac8 33. a3 Kh7 34. Bxd3 exd3 35. Rc1 Na5 36. Nd5 Qe8 37. Rxc8 Rxc8 38. Rd1 Rc2 39. Qb1 Qxa4 40. Qb4 Rc4 41. Qxa4 Rxa4 42. Rc1 {[%eval -52,44] [%wdl 1,888,111]}) 20... b5 {Dieser zweitbeste Zug in der Stellung lässt Weiss wieder etwas aufatmen..} (20... h6 21. h3 Re8 22. Nh2 b5 23. Ng4 Bxg4 24. hxg4 e4 $17 {und Schwarz steht deutlich besser.}) 21. Nf1 {Mit 21.b3 konnte der Schaden begrenzt werden.} Ne4 $2 $15 {Aber auch Schwarz ist nicht auf der Höhe und gibt fast seinen gesamten Vorteil weg.} (21... Na5 $1 22. N1d2 Re8 23. Nh4 Bc8 24. Nhf3 Nb7 25. Nf1 Nd6 26. Ng3 g6 $17 {-/+ (-1.48) (6% +0% =11% -89%)}) 22. Bd3 Bg4 23. Bxe4 dxe4 24. Rxd8+ Nxd8 25. N3d2 $11 {ausgeglichen} Qe7 26. Nxe4 {Nun besitzt gar Weiss ein Bauernplus.} Nb7 27. h3 Be6 28. Qd2 $6 f5 $15 {Damit ergreift Schwarz die Initiative.} 29. Neg3 g6 30. Qe2 ({Besser} 30. Qc1 Nc5 31. Rd1 Bc4 32. Nd2 Bd3 $11) 30... Bc4 31. Qf3 e4 32. Qf4 Nc5 33. Qh6 Nd3 34. Re2 Ne5 $17 {Auch rein optisch ist klar, wer besser steht.} {[#]} 35. Rd2 $2 {[%mdl 32768] ***VERLUSTZUG*** Der Scorpio 68000 sel. 4 sieht sich auf Suchtiefe d09 23-24 mit 00.78 im Vorteil in Erwartung von 35...Lb3. Die Engine bewertet hingegen mit -+ (-2.34) und einer Gewinnerwartung für Weiss von 0% (+0% =0% -100%). Noch etwas wie Widerstand versprach 35.Te1, denn hier ist Weiss nicht dem gegnerischen Tempogewinn ...Sc4 ausgesetzt.} Bd3 36. Rd1 {Selbst jetzt sieht sich der Scorpio 68000 sel. 4 nach 24 Min., Suchtiefe d09 25-26 mit 00.36 positiv.} Nc4 37. f3 {Auch die jetztige Stellungsbewertung von Weiss mit -00.53, Suchtiefe d08 24-28, nach 9m3s entspricht überhaupt nicht der Realität.} Nxb2 38. Rd2 Nc4 39. Rd1 {Scorpio zeigt -00.66 ?? Offenbar gewichtet das Programm von David Kittinger den Bauernverlust im nächsten Zug nur gering und seine Dame vor der Nase des schwarzen Königs viel zu hoch mit nebulösen Angriffschancen, die hier völlig fehlen.} Nxa3 {Der Saitek GK 2100, Original des Mephisto Explorer Pro Clone, bewertet bei Suchtiefe 8-1, nach 6 Min. mit -1.4 negativ für Weiss.} 40. Kh2 Nb1 41. fxe4 {Jetzt erst, als der Scorpio in seiner Berechnung sieht, dass auch noch der c3-Bauer in die Binsen geht, klettert die negative Bewertung bei Suchtiefe d08 15-28, nach 8 Min., auf -01.85.} fxe4 42. Nd2 Nxc3 {Nach dem Gewinn eines zweiten Bauern lässt der Mephisto Explorer Pro nichts mehr anbrennen.} 43. Rc1 b4 44. Ra1 Qe5 45. Qh4 Ne2 46. Ndf1 g5 47. Qh5 b3 48. Rxa4 b2 49. Ra8+ Kg7 50. Rb8 Nxg3 51. Nxg3 b1=Q 52. Rxb1 Bxb1 53. Qd1 Bd3 54. Qa4 Kf6 55. Qa8 Kf7 56. Qa2+ {***AUFGEGEBEN***} 0-1

[Event "Match 82__120'/40"]
[Site "Zürich"]
[Date "2025.??.??"]
[Round "32"]
[White "Mephisto Explorer Pro"]
[Black "Scorpio 68000 sel. 4"]
[Result "1-0"]
[Annotator "17-15 for Explorer"]
[WhiteElo "2016"]
[BlackElo "2043"]
[WhiteFideId "-1"]
[BlackFideId "-1"]
[PlyCount "56"]
[GameId "544756046483"]
[EventDate "2025.10.05"]
[EventType "match"]
[EventRounds "50"]

{[%evp 0,56,10,22,21,16,7,-17,0,-23,0,2,0,-28,-31,-9,-12,-23,-19,-20,-22,-14,-4,-14,44,54,35,3,14,47,45,37,39,57,50,36,38,180,165,173,542,596,32767,612,639,661,32767,639,606,603,806,1089,1269,1328,32767,1216,1206,1306,1480]} 1. e4 {[%mdl 1]} e5 {Match Nr. 82 mit 120'/40 | Bediener: Rolf Bühler | Kommentator: Kurt Utzinger | 32. Partie: Weiss (Mephisto Explorer Pro) gewinnt | Zwischenstand: 17,0-15,0 für Mephisto Explorer Pro | Stand hypothetisch: 20-12 für Mephisto Explorer Pro | Eröffnung: Wiener Partie | Buchzüge 5 (170) von Scorpio und 4 (132) von Mephisto Explorer Pro | Partieverlauf: Gegen die Wiener Partie kommt der Scorpio 68000 sel. 4 frühzeitig ins Trudeln und geht in einem vom Mephisto Explorer Pro hübsch vorgetragenen Königsangriff unter. Eine super Leistung des holländischen Programms von Frans Morsch.} 2. Nc3 Nf6 3. f4 d5 4. fxe5 $11 {***ENDE BUCH***} Nxe4 5. Nf3 Be7 $11 {***ENDE BUCH***} 6. Be2 c5 7. O-O O-O 8. d3 Nxc3 9. bxc3 Nc6 10. d4 f6 11. exf6 (11. Bb2 fxe5 12. Nxe5 Nxe5 13. Rxf8+ Qxf8 14. dxe5 Be6 15. c4 dxc4 16. Bg4 Qf7 17. Bxe6 Qxe6 18. Qf3 Rb8 19. a4 b6 20. Rd1 Rf8 21. Qb7 Qf7 22. Qd5 Bg5 23. Qxf7+ Kxf7 24. Rf1+ Ke8 25. Rxf8+ Kxf8 26. Kf2 Kf7 27. Bc3 Ke6 28. Kf3 Kd5 29. g3 g6 30. h3 a6 31. h4 Bd8 32. Ba1 b5 33. axb5 axb5 34. h5 b4 35. hxg6 hxg6 36. g4 c3 37. Kf4 c4 38. Kf3 Kd4 39. Ke2 b3 40. cxb3 cxb3 41. Kd1 Bg5 42. e6 Kd3 43. Bxc3 Kxc3 44. e7 Bxe7 45. Kc1 {0-1 Mephisto Explorer Pro (2018)-Scorpio 68000 sel. 4 (2080) Match 62__120'/40 Zurich 2021 (2)}) 11... Bxf6 12. Ba3 b6 13. dxc5 Bxc3 14. cxb6 $11 Re8 $2 $16 {Nach dieser schweren Ungenauigkeit schwenkt das Pendel klar zugunsten von Weiss.} ({Ausgleich ergibt} 14... Bxa1 15. b7 Qb6+ 16. Kh1 Bxb7 17. Bxf8 Rxf8 18. Qxd5+ Kh8 19. Rxa1 Nb4 $11) 15. b7 Bxb7 16. Rb1 Rb8 17. Bd3 {Auch 17.Lc5 ist gut.} {[#]} d4 $2 $18 {[%mdl 32768] Das ***VERLIERT*** weil Weiss einen tödlichen Angriff gegen die ungeschützte Königsstellung von Schwarz einleiten kann. Mit 17...Lf6 oder 17...g6 kann Schwarz noch Widerstand leisten.} 18. Rb5 $1 {+- (6.48) (100% +100% =0% -0%) Schon droht das Läuferopfer auf h7.} g6 {Es gab keine Rettung mehr.} 19. Bc4+ Kg7 20. Ng5 $1 Ne5 21. Bf8+ {Auch 21.Txe5 gewinnt.} Rxf8 22. Ne6+ Kh8 23. Nxd8 Rfxd8 24. Rxe5 {Nun ist der weisse Materialvorteil (D vs L) überwältigend.} Re8 (24... d3 25. Rd5 Bxd5 26. Qxd3 Bg7 27. Bxd5 Re8 28. Kh1 Rb6 29. g3 Rbb8 30. c4 Rbc8 31. Rc1 Be5 32. c5 Re7 33. c6 Rce8 34. Re1 a5 35. Qb5 h5 36. c7 Kg7 37. Qxe8 Rxe8 38. Rxe5 Rf8 39. Re7+ Kh6 40. Kg2 h4 41. gxh4 a4 42. Kg3 Rh8 43. Be6 Re8 44. Rxe8 g5 45. c8=Q gxh4+ 46. Kf4 a3 47. Qd7 h3 48. Bf5 Kh5 49. Rh8#) 25. Qe2 Rg8 26. Re7 d3 27. Qxd3 Bg7 28. Bxg8 Ba6 {***AUFGEGEBEN***} 1-0

[Event "Match 82__120'/40"]
[Site "Zürich"]
[Date "2025.??.??"]
[Round "33"]
[White "Scorpio 68000 sel. 4"]
[Black "Mephisto Explorer Pro"]
[Result "1/2-1/2"]
[Annotator "17,5-15,5 for Explorer"]
[WhiteElo "2043"]
[BlackElo "2016"]
[WhiteFideId "-1"]
[BlackFideId "-1"]
[PlyCount "139"]
[GameId "545120120384"]
[EventDate "2025.10.05"]
[EventType "match"]
[EventRounds "50"]

{[%evp 0,139,10,1,2,1,0,6,1,4,3,2,0,-10,32,22,13,6,14,23,25,16,29,1,1,-26,18,-5,-9,-5,-14,-32,-4,-68,-64,-52,-43,-61,-88,-103,-90,-153,-136,-187,-183,-195,-212,-287,-262,-240,-118,-155,-6,-25,-18,-21,-44,-28,-19,-13,-30,-24,-4,63,-8,14,17,-8,2,6,16,26,62,26,38,1,1,1,1,-7,-1,-18,-1,-4,-1,-3,-7,-25,-38,-27,-17,-39,-40,-43,-29,-23,-40,-32,-5,-1,-5,-3,-20,-7,-3,-15,-8,-50,-37,-33,-34,-34,-37,-38,-41,-16,-3,-1,-1,-1,0,1,0,1,0,0,0,1,1,1,0,1,0,0,0,1,0,0,0,0,0,1]} 1. c4 e5 {Match Nr. 82 mit 120'/40 | Bediener: Rolf Bühler | Kommentator: Kurt Utzinger | 33. Partie: Remis | Zwischenstand: 17,5-15,5 für Mephisto Explorer Pro | Stand hypothetisch: 21-12 für Mephisto Explorer Pro | Eröffnung: Englisch, Vierspringer-Variante | Buchzüge 6 (176) von Scorpio und 5 (137) von Mephisto Explorer Pro | Partieverlauf: Der wie meistens aktiv auftretende Mephisto Explorer Pro opfert bereits im 7. Zug einen Bauern. Als Kompensation wird dem Gegner die Rochade verunmöglicht und Schwarz erhält gutes Figurenspiel. Wie schon so oft bekundet der Scorpio 68000 sel. 4 Mühe mit diesem dynamischen Spielstil und gerät auch dieses Mal in eine verlorene Stellung. Fehlendes Schachwissen, ungenügende Technik und mangelnde Rechentiefe des holländischen Programms von Frans Morsch sind dann jedoch verantwortlich dafür, dass sich der Gegner noch in ein glückliches Remis retten kann.} 2. Nc3 Nf6 3. Nf3 Nc6 4. g3 d5 5. cxd5 Nxd5 $11 {***ENDE BUCH***} 6. d3 $11 {***ENDE BUCH***} Nxc3 7. bxc3 {[#]} e4 $5 {Ein bemerkenswerter Zug für einen Oldie, der doch wie ein Bauernopfer ins Blaue aussieht. Der Saitek GK 2100, das Original des Mephisto Explorer Pro Clones, sieht sich bis zur untersuchten Suchtiefe 9-1 mit +0.00 ausgeglichen in Erwartung von 9.Sg5 exd3 usw.} 8. dxe4 {Selbst meine wohl beste Engine für längere Analysen, Omega Explorer (Random Op. MultiPV=3, 2 Var. Modus) sieht für Weiss bei Suchtiefe 41/72 in dieser Stellung nur leichten Vorteil += 0.35 mit einer Gewinnerwartung von 53% (+5% =94% -0%). Man kann also 7...e4!? als durchaus spielbar ansehen. Allerdings ist es nicht jedermanns Sache, mit Bauernminus und geringer Kompensation zu spielen.} Qxd1+ 9. Kxd1 Bc5 (9... Bg4 10. Bg2 O-O-O+ 11. Kc2 Bh5 $2 (11... Bc5 $11) 12. Be3 f6 13. Rhd1 Ba3 14. Rab1 Bf7 15. Nd4 Nxd4+ 16. cxd4 Rhe8 17. f3 Re6 18. Bh3 {1-0 Andreikin,D (2729)-Atanasov,A (2384) Titled Tuesday intern op 23rd Jan Late Chess.com INT blitz 2024 (2)}) 10. Ke1 (10. Bf4 {stellt dem Nachziehenden mehr Probleme.}) 10... O-O {Präziser sind 10...Le6 oder 10...f6 mit der kommenden langen Rochade.} 11. Bg2 Re8 12. Bf4 Bb6 ({oder} 12... Rxe4 13. Bxc7 Re7 14. Bf4 Bb6 $11) 13. Rd1 Be6 14. a3 Rad8 {Meine Engine attestiert Ausgleich, obwohl nur schon optisch die schwarzen Figuren aktiver stehen.} 15. Rd3 {Natürlich wünscht sich Weiss, dass ihm der Gegner mit 15...Txd3? die Bauernstruktur wieder in Ordnung bringt.} Ba5 16. Kf1 $2 {Der Scorpio 68000 sel. 4 sieht sich in dieser für ihn klar schlechteren Stellung bei Suchtiefe d09 34-35 mit 00.72 gar positiv. Meine Engine meint hingegen -+ 2.35 (0% +0% 0% -100%). Eher würde man 16.Ld2 erwarten. Die beste Verteidigung 16.Kd2! kann ein Oldie hingegen kaum finden.} (16. Kd2 $1 {Ein starkes Qualitätsopfer.} Bc4 17. Kc2 Bxd3+ 18. exd3 $11 {und Weiss hat alle Probleme gelöst und steht mindestens gleich.}) 16... Bc4 17. Rxd8 Rxd8 18. Bd2 {Noch steht es materiell gleich. Aber die schwarzen Figuren sind derart stark aufgestellt, dass man beeits von einer für Weiss verlorenen Stellung sprechen darf.} Bb3 $19 {Engine Bewertung: -+ (-2.48) (0% +0% =0% -100%)} 19. h4 Bc2 ({Noch stärker ist} 19... Ne5 $1 20. Be1 Nc4 $19) 20. e3 Ne5 $1 {Dieser starke Zug hebelt die weisse Stellung endgültig aus.} (20... Bxe4 {ist weniger vorteilhaft} 21. Nd4 Bd3+ 22. Kg1 Bc4 $17) 21. Nxe5 Rxd2 22. c4 Bc3 23. Nf3 Bd3+ 24. Kg1 Ra2 25. Kh2 {Engine Bewertung: -+ (-3.32) (0% +0% =0% -100%) Obwohl Weiss noch einen Bauern mehr besitzt, ist seine Stellung hoffnungslos. Aber die Partie erfolgreich zum Abschluss zu bringen, gestaltet sich für einen Oldie als zu anspruchsvoll.} Rxa3 $2 {Mit diesem rein materialistisch begründeten Zug vergibt Weiss seinen Vorteil. Die Engine Bewertung nach dem Textzug zeigt das brutal: = (0.00) (50% +0% =99% -1%) Tiefe: 52/34. Schwarz hätte vorerst eine allfällige Mattdrohung durch Th1-d1-d8 durch 25...Kf8 abwehren sollen.} ({Rems M-091224-avx2:} 25... Kf8 26. Rc1 Rxa3 27. Rd1 Bxc4 28. Bh3 Ke8 29. Rd7 Ba5 30. h5 Rc3 31. Rd1 Bb6 32. Bd7+ Ke7 33. Bc8 a5 34. g4 a4 35. Bxb7 Be6 36. Ne5 Bb3 37. Ra1 Kd6 38. Nxf7+ Bxf7 39. Rxa4 Rb3 40. Bc8 c5 41. Bf5 g6 42. Bxg6 Bxg6 43. hxg6 hxg6 44. f4 Rxe3 45. Kg2 Rb3 46. g5 Rb4 47. Ra6 Kc6 48. Kf3 c4 49. f5 c3 50. fxg6 c2 51. g7 c1=Q {[%eval -308,43] [%wdl 0,0,1000]}) 26. Rd1 Bf6 {erzwungen} 27. e5 Be7 28. e6 $1 {Sehr gut gespielt, erwachen doch nun die weissen Figuren plötzlich zum Leben. Und das genügt für den Ausgleich.} fxe6 29. Ne5 Be2 30. Rd2 {Mindestens gleichwertig war es, mit dem Turm nach d7 einzudringen.} ({Rems M-091224-avx2:} 30. Rd7 {= 0.00(50%)/64} Kf8 31. c5 Bf6 32. Nf7 Bh5 33. Ng5 Bxg5 34. hxg5 Ra2 35. g4 Be8 36. Rxc7 Rxf2 37. Kg3 Re2 38. Bxb7 Rxe3+ 39. Kf4 Re1 40. Bc6 Bxc6 41. Rxc6 Kf7 42. Rc7+ Kg6 43. Rxa7 e5+ 44. Kf3 Rc1 45. Rc7 Kxg5 46. Rxg7+ Kf6 47. Rxh7 Rxc5 {[%eval 0,64] [%wdl 4,992,4]}) 30... Bh5 31. Bxb7 $11 {Ausgleich} Bd6 32. Bc8 Kf8 ({oder} 32... Bxe5 33. Bxe6+ Kf8 34. Rd5 Ra2 35. Kg2 Bxg3 36. Kxg3 Be8 $11) ({aber} 32... Bf7 $2 {wäre falsch} 33. c5 Bxe5 34. Rd8+ Be8 35. Rxe8+ Kf7 36. Rxe6 $18) 33. Nc6 ({Auch} 33. Nd7+ {ist gut} Ke8 34. c5 Be7 35. Bb7 $11) 33... Ra1 {Droht tödlich ...Lf3 nebst ...Th1 Matt.} 34. Kg2 Bg6 35. Nd4 e5 36. Ne6+ Kf7 37. Nxc7 Bxc7 38. Rd7+ Kf6 39. Rxc7 {Nun sieht es fast so aus, als ob Schwarz mit einem Bauern weniger ums Remis kämpfen müsste. Doch gibt es gerade noch eine genügende Ausrede.} Be4+ {Das erobert einen Bauern.} 40. f3 {Nach 40.Kh3 wird es kompliziert.} (40. Kh3 Rh1+ 41. Kg4 h5+ 42. Kxh5 Bf3+ 43. Bg4 g6+ 44. Kh6 Bxg4 45. Rg7 Bf5 46. f3 {[%mdl 32768]} Rf1 47. e4 Be6 48. Rxg6+ Ke7 49. Rg7+ Kd6 50. h5 Rxf3 51. g4 a5 52. g5 Bxc4 53. Ra7 Rh3 54. g6 Be2 55. g7 Rxh5+ 56. Kg6 Rh1 57. g8=Q Rg1+ 58. Kh7 Rxg8 59. Kxg8 Bf3 60. Rxa5 Bxe4 $11 {Remis}) 40... Ra2+ 41. Kh3 Bxf3 42. g4 Ra3 43. g5+ Kg6 44. Bd7 Rxe3 {[#]} 45. Be8+ $2 {[%mdl 32768] Das ***VERLIERT***, weil der schwarze König ein entscheidendes Tempo für den Vormarsch ins gegnerische Lager über das Feld f5 erhält. Deshalb hätte der weisse Läufer die Diagonale c8-h3 nicht aufgeben dürfen. Mindestens zwei Züge sichern den Ausgleich.} (45. Kg3 Be4+ 46. Kf2 Rf3+ 47. Ke1 a5 48. Rc5 Rd3 49. Bg4 Bf3 50. Bxf3 Rxf3 51. Rxe5) (45. Rxa7 Bd5+ 46. Kh2 Bxc4 47. Bg4 h5 48. gxh6 Kxh6 49. Ra5 Be2 50. Bxe2 Rxe2+ 51. Kg3 $11 Re4 52. Kf3 Rxh4 53. Rxe5 $11) 45... Kf5 46. Kg3 Be4+ $2 $11 {Der Mephisto Explorer Pro verpasst einen möglichen Gewinn mit 46...Lh5, aber da gibt es wohl keinen unserer alten Schachcomputer, der das erkennen könnte.} ({PROMENADE-avx2:} 46... Bh5+ {-7.03(0%)/56} 47. Kf2 Re2+ 48. Kf1 g6 49. c5 Kf4 50. Rxh7 Rc2 51. Ba4 Rxc5 52. Kf2 a5 53. Rh8 Rd5 54. Rf8+ Kg4 55. Ke3 Rc5 56. Rf6 Kxh4 57. Be8 Kxg5 58. Re6 Kf5 59. Re7 Kf6 60. Rb7 Kg5 61. Rf7 Bg4 62. Rf1 Bf5 63. Rg1+ Kf6 64. Ra1 Rd5 65. Bc6 Rd3+ 66. Kf2 Kg5 67. Bb5 Rc3 68. Ke2 e4 69. Kd2 Rb3 70. Bc4 Rg3 71. Kc2 Kf4 72. Ra4 Rh3 73. Bg8 g5 74. Rd4 a4 75. Rd6 g4 76. Rf6 Rf3 77. Rf7 a3 78. Bh7 Ke3 79. Bg8 g3 {[%eval -703,56] [%wdl 0,0,1000]}) 47. Kf2 Rf3+ 48. Ke2 Kg4 49. Rxa7 (49. Rxg7 $11 {genügt ebenfalls}) 49... Bd3+ 50. Kd2 Bxc4 51. Rxg7 Rd3+ 52. Kc2 Kxh4 53. g6 ({oder} 53. Rxh7+ Kxg5 $11) 53... hxg6 54. Bxg6 {Unter Vorbehalt von noch unglaublichen Fehlern ist das eine klare Remisstellung.} Rg3 55. Kd2 Be6 56. Rh7+ Kg5 57. Bf7 Kf6 ({oder} 57... Bxf7 58. Rxf7 e4 $11) 58. Bxe6 Kxe6 59. Ke2 {Dieses Endspiel ist klar Remis. Und wer nur die elementarsten Stellungen studiert hat, wird hier gegen jeden GM im Schlaf den halben Punkt retten.} e4 60. Rh8 Rd3 61. Re8+ Kf5 62. Rf8+ Ke5 63. Re8+ Kf4 64. Rf8+ Kg4 65. Rg8+ Kf5 66. Rf8+ Kg5 67. Re8 Kf4 68. Rf8+ Kg3 69. Rg8+ Kf4 70. Rf8+ {***3x REMIS***} 1/2-1/2